000 02137nam a22001457a 4500
999 _c532996
_d532996
008 260410b ||||| |||| 00| 0 eng d
100 _aDung, Ngo Quoc Hoa, Nguyen Quynh and Cuong, Vu
_960033
245 _aCultivating adaptive workforces: A strategic implementation framework for skills ecosystem transformation in rapidly evolving economies
260 _aThe Indian Journal of Labour Economics
300 _a68(4), Oct-Dec, 2025: p.1209-1236
520 _aThis study presents a comprehensive implementation framework for addressing persistent skills mismatch challenges in rapidly developing labour markets. Through an innovative integration of Causal Layered Analysis (CLA) and Future Thinking methodologies, we develop a detailed strategic roadmap for transforming skills ecosystems in emerging economies. Our multilayered analysis reveals that traditional perceptions of education, systemic inefficiencies, and evolving economic demands contribute significantly to workforce-market misalignment. Moving beyond diagnostic analysis, this research provides a three-phase implementation strategy—Foundation, Acceleration, and Sustainability—for establishing an “Adaptive Innovation Ecosystem.” This strategic framework encompasses artificial intelligence (AI)-driven skills forecasting systems, flexible public–private partnership (PPP) models, and competency-based education pathways. The proposed roadmap addresses deep-seated cultural and systemic barriers while providing specific actions, stakeholder roles, and key performance indicators for successful transformation. Our contribution advances theoretical understanding and practical policy implementation by bridging cultural analysis with actionable intervention strategies, offering a replicable framework for cultivating adaptive workforces in rapidly transforming economies.-Reproduced https://link.springer.com/article/10.1007/s41027-025-00599-5
650 _aSkills mismatch, Implementation framework, Adaptive workforce, Strategic roadmap, Skills ecosystem transformation
_960034
773 _aThe Indian Journal of Labour Economics
942 _cAR